00474nam a2200181Ia 450000500170000000800410001702000250005804000190008304100120010208200150011410000150012924500720014426000220021630000170023865000120025570000150026785000100028220250224131638.0131103s9999 xx 000 0 und d a8170640210cRs.82.80 aLoreto College aEnglish a900/NbTAY aTayal, B B aIndian civilization world history and civicscB B Tayal and A Jacob aDelhibAryac1998 a287p.b pic. aHistory aJacob, A  aLCBED